书目信息 |
| 题名: |
有机农业与有机食品
|
|
| 作者: | 高振宁 赵克强 | |
| 分册: | ||
| 出版信息: | 北京 中国环境科学出版社 2009 |
|
| 页数: | 245 | |
| 开本: | 26cm | |
| 丛书名: | ||
| 单 册: | ||
| 中图分类: | S34 | |
| 科图分类: | ||
| 主题词: | 农学 | |
| 电子资源: | ||
| ISBN: | 7-80209-990-6 | |
| 000 | 00569nam0 2200181 450 | |
| 001 | 1735846483 | |
| 005 | 20170410095726.48 | |
| 010 | @a7-80209-990-6 | |
| 100 | @a20170410d km y0chiy0120 ea | |
| 101 | 0 | @achi |
| 200 | 1 | @a有机农业与有机食品@Ayou ji nong ye yu you ji shi pin@f高振宁 赵克强@Fgao zhen ning zhao ke qiang |
| 210 | @a北京@c中国环境科学出版社@d2009 | |
| 215 | @a245@d26cm | |
| 606 | 0 | @a农学 |
| 690 | @aS34@v4 | |
| 701 | 0 | @a高振宁 赵克强@Agao zhen ning zhao ke qiang |
| 801 | 0 | @aCN@b大连网信软件有限公司图书馆·11@c20170410 |
| 905 | @b6604181@dS34@en2@f1 | |
| 有机农业与有机食品/高振宁 赵克强.-北京:中国环境科学出版社,2009 |
| 245;26cm |
| ISBN 7-80209-990-6: |
| ● |
| 相关链接 |
|
|
|
|
正题名:有机农业与有机食品
索取号:S34/n2
 
预约/预借
| 序号 | 登录号 | 条形码 | 馆藏地/架位号 | 状态 | 备注 |
| 1 | 6604181 | 266041810 | 密集书库-生命科学系/ [索取号:S34/n2] | 在馆 |